000 01759cam a22004694i 4500
003 PE-LiUPU
005 20250731173531.0
008 150616s1995 miu rb 000 0 eng d
020 _a0801002168
035 _a(Sirsi) i9780801002168
040 _aPE-LiUPU
_bspa
_cPE-LiUPU
_erda
049 _aPRUA
082 0 4 _a223.7077
_bA36
_221
100 1 _aAlden, Robert L.,
_eautor.
245 1 0 _aProverbs :
_ba commentary on an ancient book of timeless advice /
_cRobert L. Alden.
264 1 _aGrand Rapids, Michigan :
_bBaker Books,
_c1995.
300 _a222 páginas ;
_c22 centímetros
336 _atext
_2rdacontent
337 _aunmediated
_2rdamedia
338 _avolume
_2rdacarrier
504 _aIncluye bibliografía.
505 0 _aIn praise of wisdom -- The proverbs of Salomon -- The sayings of the wise -- More proverbs of Salomon copied by Hezekiah's men -- The group of Agur -- The words of Lemuel -- The noble woman.
526 _aSEG42
526 _aSEG41
526 _aSEG40
526 _aSEG39
526 _aP94
526 _aP87
526 _aP86
526 _aP85
526 _aP77
526 _aP76
526 _aP35
630 _aBiblia.
_pA.T.
_pProverbios
_xComentarios.
910 _ajck
_bjvq
_cjck
942 _2ddc
_cBOOK
949 _a223.7077 A36
_wDEWEY
_c1
_i42281
_d2016-11-18
_e2016-11-17
_lCCODEBUL1
_mBUL
_n2
_r0
_sY
_tBOOK
_u2015-6-16
_xTEOLOGIA
_zUNKNOWN
_0COMPRA
_o.STAFF. Colección General
994 _aC0
_bPEPRU
596 _a1
999 _a223.7077 A36
_wDEWEY
_c60112
_i42281
_d60112
_e2016-11-17
_f2021-11-9
_g5
_lCCODEBUL1
_mBUL
_n2
_p20.00
_r0
_sY
_tBOOK
_u2015-6-16
_xTEOLOGIA
_PP35
_0COMPRA
_o.STAFF. Colección Teología
980 _81
_gALBERTO SANCHEZ Responsable de Automatización